[Event "Eurasia Open Cup 2018"]
[Site "Jekaterienburg"]
[Date "2018.08.10"]
[Round "9"]
[White "Artemiev, Vladislav"]
[Black "Chigaev, Maksim"]
[Result "1-0"]
[WhiteElo "2702"]
[BlackElo "2577"]
[Annotator "TA"]
[PlyCount "77"]
[EventDate "2018.08.01"]
[EventType "swiss"]
[EventCountry "RUS"]
[SourceTitle "playchess.com"]
[Source "ChessBase"]
[SourceQuality "1"]

{[%evp 20,77,43,28,48,-14,-14,-11,-12,-14,-1,-27,0,-18,0,-8,0,0,0,-18,17,1,16,15,18,18,10,0,9,20,26,5,15,-33,12,0,0,0,0,-100,33,20,235,252,233,177,335,340,369,360,860,804,1922,1927,29990,29991,29991,29992,29992,29993]} 1. e4 g6 2. d4 Bg7 3. Nf3 d6 4. Bc4 Nf6 5. Qe2 O-O 6. O-O Bg4 7. e5 dxe5 {B06: Modern Defence} 8. dxe5 Nd5 9. Rd1 (9. Nbd2 c6 10. h3 Bf5 11. Nd4 Qc8 12. f4 Bd7 13. a4 Nb6 14. Bb3 c5 15. Nb5 {0-1 (52) Mikaelyan,A (2486)-Aravindh,C (2617) Moscow 2018}) 9... c6 10. Nbd2 Nd7 11. h3 {LiveBook: 3 Games} Be6 12. Nf1 (12. Bxd5 $14 cxd5 13. Nb3) 12... Qc7 {[%cal Rd7e5]} 13. Re1 b5 14. Bb3 Nc5 15. Nd4 Rad8 16. Nh2 Bc8 17. c3 Nxb3 $146 18. Nxb3 Nb6 19. Bf4 a5 20. Bg3 Qa7 21. Nd4 Bb7 22. e6 {Hoping for exf7+.} f6 23. Ng4 b4 $36 {[%mdl 2048] Black fights for an advantage.} 24. Rad1 {[%cal Ba1d1,Bd1d3,Bd3g3][%mdl 32]} bxc3 25. bxc3 Nd5 26. Qc2 Ba8 27. Rd3 Qa6 {Threatens to win with ...c5.} 28. Qd2 h5 29. Nh2 (29. Nf5 $11 {remains equal.} gxf5 30. Nh6+ Bxh6 31. Qxh6 Qxd3 32. Qg6+ Kh8 33. Qh6+ Kg8 34. Qg6+ Kh8 35. Qh6+ Kg8) 29... Nb6 (29... c5 $17 30. Ndf3 Kh7) 30. Bc7 $14 Rd5 $2 {[#]} (30... Nc4 $11 {and Black has nothing to worry.} 31. Qc2 Na3) 31. Rg3 $1 $18 {[%cal Rg3g6]} g5 32. Bxb6 {Black must now prevent c4.} Qxb6 $2 {[#]} (32... c5) 33. Qc2 $1 {[%cal Rc2g6]} Qd8 34. Nf5 Re8 $2 (34... h4) 35. h4 Rd2 {[#]} 36. Nh6+ $1 {[%mdl 512]} Bxh6 37. Qg6+ {White mates.} Bg7 38. Qf7+ Kh8 39. Qxh5+ {Precision: White = 67%, Black = 27%.} 1-0

[Event "Eurasia Open Cup 2018"]
[Site "Jekaterienburg"]
[Date "2018.08.10"]
[Round "9"]
[White "Sarana, Alexey"]
[Black "Khanin, Semen"]
[Result "1/2-1/2"]
[WhiteElo "2613"]
[BlackElo "2494"]
[Annotator "TA"]
[PlyCount "40"]
[EventDate "2018.08.01"]
[EventType "swiss"]
[EventCountry "RUS"]
[SourceTitle "playchess.com"]
[Source "ChessBase"]
[SourceQuality "1"]

{[%evp 21,40,31,15,25,29,0,0,0,-7,0,0,0,0,0,0,0,0,0,0,0,0]} 1. e4 c5 2. Nf3 d6 3. d4 cxd4 4. Nxd4 Nf6 5. Nc3 a6 6. Bg5 Nbd7 7. Qe2 {B94: Sicilian Najdorf: 6 Bg5 Nbd7} h6 8. Bh4 g6 9. f4 e5 (9... Qc7 10. O-O-O Bg7 11. g4 e5 12. fxe5 Nxe5 13. h3 Be6 14. Qf2 Nfd7 {½-½ (26) Carlsen,M (2842)-Svidler,P (2753) Biel 2018}) 10. fxe5 dxe5 11. O-O-O Qc7 {LiveBook: 74 Games} 12. Nb3 b5 13. Rxd7 Nxd7 {The position is equal.} 14. Nd5 {[%cal Rd5c7] [#]} Qb8 15. Bf6 Nxf6 16. Nxf6+ Ke7 17. Nd5+ Ke8 18. Nf6+ {[#]} Ke7 $146 19. Nd5+ Ke8 20. Nf6+ Ke7 1/2-1/2

[Event "Eurasia Open Cup 2018"]
[Site "Jekaterienburg"]
[Date "2018.08.10"]
[Round "9"]
[White "Timofeev, Artyom"]
[Black "Drygalov, Sergey"]
[Result "1-0"]
[WhiteElo "2590"]
[BlackElo "2433"]
[Annotator "TA"]
[PlyCount "87"]
[EventDate "2018.08.01"]
[EventType "swiss"]
[EventCountry "RUS"]
[SourceTitle "playchess.com"]
[Source "ChessBase"]
[SourceQuality "1"]

{[%evp 30,87,0,0,0,1,8,0,0,0,0,0,15,20,20,14,89,51,82,31,191,178,268,265,261,245,243,225,235,104,131,130,120,83,386,282,383,355,333,337,310,305,293,283,489,492,1336,1348,1325,1255,29992,29993,29993,29994,29994,29995,29995,29996,29997,29998]} 1. d4 d5 2. c4 c6 3. Nf3 Nf6 4. Nc3 e6 5. e3 Nbd7 6. Qc2 Bd6 7. Bd3 O-O 8. O-O dxc4 9. Bxc4 b5 10. Be2 Bb7 11. Rd1 Qc7 12. Bd2 a6 13. b4 e5 14. a3 Rfe8 15. Rac1 {D46: Semi-Slav: 5 e3 Nbd7 6 Bd3, Black avoids the Meran} h6 16. Bd3 {LiveBook: 4 Games} exd4 17. exd4 {The position is equal.} Nb6 {[#]} 18. Ne2 $146 ({Predecessor:} 18. Re1 Rad8 19. Ne2 Nbd5 20. Ng3 Rxe1+ 21. Rxe1 {1-0 (47) Soltau,A (2621)-Mercadal Benejam,J (2571) ICCF corr 2002}) 18... Nbd5 19. Ng3 Nf4 20. Bf1 Ne6 21. Nf5 Bf8 22. Re1 Qd8 (22... Rad8 $11) 23. Rcd1 Rc8 24. Ne5 (24. Qd3 $16) 24... Qd5 $2 ({Black should try} 24... Nxd4 $14 25. Nxd4 Qxd4) 25. Qd3 $18 Ng5 (25... c5 {keeps fighting.}) 26. Bxg5 hxg5 27. Qg3 Nh7 28. Bd3 {Bc2 is the strong threat.} g6 29. Ne3 (29. Bc2 $18 {Threatens to win with Bb3.} gxf5 30. Bb3) 29... Qd6 $16 30. Bc2 Rc7 31. Bb3 $36 {[%mdl 2048] White is in control.} Kg7 $2 {[%mdl 8192]} (31... Bc8 $16) 32. f4 f6 33. Nxg6 {[#] Strongly threatening Nf5+.} Rxe3 34. Rxe3 ({But not} 34. Qxe3 Kxg6 35. Qd3+ Kg7 $18) 34... Kxg6 35. Re6 Qxf4 36. Qd3+ ({Much less strong is} 36. Bc2+ $6 Kg7 $16) 36... Qf5 $2 {[#]} (36... Kg7 37. Bc2 Kh8) 37. Qe2 $1 $18 Kh6 (37... Bc8 $142 38. Rf1 Bxe6) 38. Rf1 Qg6 39. Bc2 Qg8 40. Rexf6+ {White mates.} Nxf6 41. Rxf6+ Kg7 42. Rg6+ Kh8 43. Qe5+ Bg7 44. Rh6+ {Precision: White = 67%, Black = 38%.} 1-0

[Event "Eurasia Open Cup 2018"]
[Site "Jekaterienburg"]
[Date "2018.08.10"]
[Round "9"]
[White "Pridorozhni, Aleksei"]
[Black "Bocharov, Ivan"]
[Result "1-0"]
[WhiteElo "2564"]
[BlackElo "2552"]
[Annotator "TA"]
[PlyCount "161"]
[EventDate "2018.08.01"]
[EventType "swiss"]
[EventCountry "RUS"]
[SourceTitle "playchess.com"]
[Source "ChessBase"]
[SourceQuality "1"]

{[%evp 24,161,12,0,26,18,21,33,57,24,21,21,22,14,47,0,0,-27,-16,-10,-8,-28,-12,-18,-12,-22,-18,-15,-14,-45,-43,-38,-33,-40,-36,-30,-22,-26,-26,-26,-13,-12,-6,-16,-4,-15,0,-8,0,0,0,0,0,0,0,0,0,0,0,0,0,0,53,43,43,46,60,58,90,87,78,70,216,72,181,181,159,159,159,200,195,174,119,144,58,38,386,357,373,292,520,520,520,520,1252,992,6402,4305,4555,3045,29955,29955,29948,29950,29949,29953,5528,10220,12573,7590,29957,29959,29960,29962,29963,29965,29961,29964,29948,29954,29966,7468,8296,5119,5105,5097,29980,29981,29981,29982,29981,29982,29984,29980,29982,29980,29979,29979,29978,29974]} 1. e4 e5 2. Nf3 Nc6 3. Bb5 a6 4. Ba4 Nf6 5. O-O Be7 6. Re1 b5 7. Bb3 d6 8. c3 O-O 9. d4 {[%cal Bd2d4,Bd4d5][%mdl 32]} Bg4 10. d5 Na5 11. Bc2 c6 12. h3 Bh5 13. dxc6 {[#] LiveBook: 71 Games. C91: Closed Ruy Lopez: 7...d6 8 c3 0-0 9 d4} h6 $146 ({Predecessor:} 13... Nxc6 14. Nbd2 d5 15. exd5 Qxd5 16. Ne4 Qxd1 17. Rxd1 Rad8 18. Be3 {½-½ (18) Delorme,A (2507)-Demuth,A (2537) Sitges 2015}) 14. Nbd2 {[%cal Bb1d2,Bd2f1,Bf1g3][%mdl 32]} Nxc6 15. Nf1 {The position is equal.} Bg6 16. Ng3 d5 17. Qe2 dxe4 18. Nxe4 Nd7 19. g4 Nb6 20. Ng3 Bxc2 21. Qxc2 Qd5 22. Qe2 Rad8 23. b3 Qd3 24. Be3 Qxe2 25. Rxe2 Nd5 26. Bd2 f6 27. Re4 Rd7 28. Kg2 Nd8 {[%cal Bc6d8,Bd8e6,Be6f4,Bf4d3][%mdl 32]} 29. c4 bxc4 30. Rxc4 Ne6 31. Rac1 Ndf4+ 32. Bxf4 Nxf4+ ({Of course not} 32... exf4 $6 33. Nf5 $16) 33. Kh2 $1 Rfd8 34. R1c2 Rd1 35. Nh4 a5 36. Nhf5 Bf8 37. h4 Nd3 38. Ne4 Re1 39. h5 Nb4 40. Rc1 Re2 41. a3 Nd3 42. R1c2 Rxc2 (42... Re1 $11) 43. Rxc2 $14 Rb8 ({Don't blunder} 43... Bxa3 $2 44. Rc7 $16) 44. Rc7 Rb6 45. Ra7 Nc1 46. Rxa5 {Strongly threatening Ra8.} Nxb3 47. Ra8 {And now Ned6 would win.} Nd4 {[#]} ({Black should play} 47... Kf7 $1 $14) 48. Nh4 (48. Nc5 $1 $18) 48... Nc6 (48... Ne6 $16) 49. Ng6 $18 Rb8 50. Rxb8 Nxb8 51. Nxf8 Kxf8 $16 {[%mdl 4096] Endgame KN-KN} 52. a4 {[%cal Ba3a4,Ba4a5,Ba5a6][%mdl 32]} Nc6 53. Nd6 g6 54. Nc4 Kg7 $2 {[%mdl 8192]} (54... gxh5 $14 55. gxh5 Kf7) 55. a5 gxh5 56. gxh5 f5 $2 (56... Kf7 57. a6 Ke6) 57. a6 $18 Kf6 58. Kg3 Kg5 {[#]} (58... Na7 $142 59. f4 e4) 59. Nxe5 $1 {[%mdl 512]} f4+ (59... Nxe5 60. f4+) 60. Kg2 Na7 61. Kf3 Nb5 62. Nf7+ Kxh5 63. Kxf4 Kg6 {[#]} 64. Nd6 $1 {[%mdl 512]} Na7 (64... Nxd6 65. a7) 65. Ne4 Nc6 66. f3 h5 67. Kg3 Na7 68. Kh4 Kf5 69. Kxh5 Kf4 70. Nd2 Nb5 71. Kg6 Ke5 72. Kf7 (72. Kg5 $142 Kd5 73. Kf6 Kd6 74. f4 Kc7 75. Ke5 Na7 76. Nf3 Kd7 77. Nd4) 72... Kd6 73. f4 {[%cal Bf3f4,Bf4f5,Bf5f6][%mdl 32]} Kc7 74. Ke6 Kb6 75. Ke5 {White mates.} Na7 76. f5 Nc6+ 77. Kd6 Nd8 78. f6 Kxa6 79. Ke7 Nc6+ 80. Ke8 Ne5 {[#]} 81. Nf3 $1 {[%mdl 512] Precision: White = 74%, Black = 39%.} 1-0

[Event "Eurasia Open Cup 2018"]
[Site "Jekaterienburg"]
[Date "2018.08.10"]
[Round "9"]
[White "Matsenko, Sergei"]
[Black "Kopylov, Alexander A"]
[Result "1-0"]
[WhiteElo "2533"]
[BlackElo "2421"]
[Annotator "TA"]
[PlyCount "79"]
[EventDate "2018.08.01"]
[EventType "swiss"]
[EventCountry "RUS"]
[SourceTitle "playchess.com"]
[Source "ChessBase"]
[SourceQuality "1"]

{[%evp 23,79,0,0,0,2,-15,-8,-57,0,-58,-6,-28,0,0,21,9,62,60,60,58,67,33,52,44,47,44,46,44,73,66,62,37,74,66,68,83,136,135,195,189,195,192,139,137,329,433,424,369,335,289,272,224,1643,2007,1916,1758,1335,1461]} 1. d4 Nf6 2. c4 g6 3. Nc3 d5 4. Bd2 Bg7 5. cxd5 Nxd5 6. e4 Nxc3 7. Bxc3 O-O 8. Qd2 c5 {D85: Exchange Grünfeld: Unusual White 7th moves and lines with 7 Nf3} 9. d5 Bxc3 10. bxc3 e6 (10... Qd6 11. f4 Nd7 12. e5 Qc7 13. Nf3 c4 14. Rd1 Nb6 15. d6 exd6 16. exd6 {½-½ (30) Onischuk,A (2681)-Shankland,S (2668) Saint Louis 2018}) 11. d6 e5 12. h4 {[%cal Bh2h4,Bh4h5][%mdl 32]} Be6 {LiveBook: 3 Games} 13. h5 {Threatening Nf3.} g5 $1 14. Nf3 $146 ({Predecessor:} 14. h6 Kh8 15. Nf3 f6 16. Be2 {1-0 (49) Akesson,R (2466)-Boros,D (2457) Budapest 2008}) 14... f6 15. Bb5 Rf7 (15... c4 $15) 16. Rd1 (16. O-O $11) 16... Nc6 ({Black should play} 16... Nd7 $15) 17. Qe3 h6 18. O-O ({Much worse is} 18. Qxc5 Qa5 $17) 18... Rd7 19. Qxc5 Qb6 (19... Rc8 $11) 20. Qxb6 $14 axb6 21. Nd2 Rxd6 22. Bc4 Kf7 {White must now prevent ...Rad8.} 23. Bxe6+ $1 Kxe6 24. Nc4 Rxd1 25. Rxd1 Rxa2 {[%mdl 4096] Endgame KRN-KRN} 26. Rd6+ Ke7 27. Rd3 Ra4 28. Nd6 $1 Ke6 $1 29. Nxb7 {And now Rd6+ would win.} Ra7 (29... Na5 $142 30. Rd6+ Ke7 31. Rxb6 Nc4) 30. Rd6+ $16 Ke7 (30... Kf7 $16 {keeps fighting.}) 31. Rxc6 $18 Rxb7 {[#] KR-KR} 32. Kh2 $1 b5 33. Kg3 b4 $2 (33... Ra7 $16 34. Rb6 Rc7) 34. cxb4 Rxb4 35. f3 Rb2 {[#]} 36. Rc7+ $1 Ke6 37. Rh7 Rb1 $2 (37... g4 38. fxg4 (38. Rxh6 gxf3 39. gxf3 Rb7 $16) 38... Rb3+ 39. Kf2 Rb2+ 40. Kg3 Rb3+ 41. Kh2 Rb4 42. Rxh6 Rxe4) 38. Kg4 {White is clearly winning.} Rb2 39. g3 Rb4 40. Rxh6 {Precision: White = 66%, Black = 32%.} 1-0

[Event "Eurasia Open Cup 2018"]
[Site "Jekaterienburg"]
[Date "2018.08.10"]
[Round "9"]
[White "Tsydypov, Zhamsaran"]
[Black "Patrushev, Konstantin"]
[Result "1-0"]
[WhiteElo "2514"]
[BlackElo "2138"]
[Annotator "ChessBase"]
[PlyCount "61"]
[EventDate "2018.08.01"]
[EventType "swiss"]
[EventCountry "RUS"]
[SourceTitle "playchess.com"]
[Source "ChessBase"]
[SourceQuality "1"]
[TimeControl "5400+30"]

1. e4 {[%emt 0:00:00]} e5 {[%emt 0:03:37]} 2. Nf3 {[%emt 0:02:48]} Nf6 {[%emt 0:00:51]} 3. Nxe5 {[%emt 0:00:19]} d6 {[%emt 0:00:05]} 4. Nf3 {[%emt 0:00:05]} Nxe4 {[%emt 0:00:04]} 5. d4 {[%emt 0:00:05]} d5 {[%emt 0:00:38]} 6. Bd3 {[%emt 0:00:07]} Nc6 {[%emt 0:00:06]} 7. O-O {[%emt 0:01:02]} Be7 {[%emt 0:00:06]} 8. Re1 {[%emt 0:00:49]} Bf5 {[%emt 0:03:21]} 9. a3 {[%emt 0:00:41]} Nd6 {[%emt 0:02:44]} 10. Nc3 {[%emt 0:00:38]} Be6 {[%emt 0:04:16]} 11. h3 {[%emt 0:06:45]} O-O {[%emt 0:00:42]} 12. Ne2 {[%emt 0:02:23]} Bf5 {[%emt 0:03:30]} 13. Nf4 {[%emt 0:00:10]} Be4 {[%emt 0:01:39]} 14. c3 {[%emt 0:01:43]} Na5 {[%emt 0:01:36]} 15. Ne5 {[%emt 0:02:00]} Bxd3 {[%emt 0:02:39]} 16. Nfxd3 {[%emt 0:03:15]} Nac4 {[%emt 0:04:24]} 17. Nc5 {[%emt 0:01:02]} Bg5 {[%emt 0:03:56]} 18. Nxc4 {[%emt 0:10:41]} dxc4 {[%emt 0:00:56]} 19. Bxg5 {[%emt 0:00:40]} Qxg5 {[%emt 0:00:01]} 20. Qf3 {[%emt 0:00:12]} c6 {[%emt 0:06:49]} 21. Re5 {[%emt 0:00:51]} Qd8 {[%emt 0:00:08]} 22. Rae1 {[%emt 0:00:07]} Rc8 {[%emt 0:00:06]} 23. Qf4 {[%emt 0:07:59]} Rc7 {[%emt 0:03:07]} 24. R1e3 {[%emt 0:03:29]} b6 {[%emt 0:01:51]} 25. Na6 {[%emt 0:00:14]} Rd7 {[%emt 0:00:48]} 26. Nb4 {[%emt 0:00:32]} Qc7 {[%emt 0:00:54]} 27. Qf3 {[%emt 0:03:45]} f6 {[%emt 0:01:53]} 28. Re6 {[%emt 0:00:34]} Rc8 {[%emt 0:00:08]} 29. d5 {[%emt 0:00:11]} c5 {[%emt 0:00:37]} 30. Nc6 {[%emt 0:00:04]} Rf8 {[%emt 0:00:32]} 31. Ne7+ {[%emt 0:02:58]} 1-0

[Event "Eurasia Open Cup 2018"]
[Site "Jekaterienburg"]
[Date "2018.08.10"]
[Round "9"]
[White "Kabanov, Nikolai"]
[Black "Kryakvin, Dmitry"]
[Result "1-0"]
[WhiteElo "2475"]
[BlackElo "2591"]
[Annotator "TA"]
[PlyCount "174"]
[EventDate "2018.08.01"]
[EventType "swiss"]
[EventCountry "RUS"]
[SourceTitle "playchess.com"]
[Source "ChessBase"]
[SourceQuality "1"]

{[%evp 13,174,22,14,-56,36,4,24,14,25,-13,0,0,23,11,18,4,2,5,25,13,13,13,17,0,0,0,0,0,0,0,0,0,31,26,36,9,9,10,22,22,23,0,0,0,0,0,0,0,0,0,0,0,0,0,16,25,14,0,0,0,0,0,0,0,0,0,0,0,12,14,16,19,16,12,19,17,14,10,58,0,0,0,61,61,107,58,107,107,62,63,107,106,110,110,107,113,113,110,133,76,154,154,188,167,176,156,225,218,218,197,203,154,146,133,160,185,160,160,202,200,1613,1764,6552,2558,3360,1985,12835,12835,12837,12838,12837,12838,12838,12839,12839,12839,12841,12841,12841,12841,12842,12842,12844,12844,12845,12844,12845,12845,12850,29973,12851,29973,12851,29980,12851,29982,12851,29983,12851,29984,12851,29983,12851]} 1. e4 c6 2. d4 d5 3. e5 Bf5 4. Nd2 e6 5. Nb3 Nd7 6. Be3 {B12: Caro-Kann: Advance Variation} (6. Nf3 Ne7 7. Be2 Ng6 8. O-O f6 9. c4 dxc4 10. Bxc4 fxe5 11. Ng5 Qf6 12. g4 Nf4 13. Bxf4 exf4 14. Nxe6 Bxe6 15. Bxe6 {½-½ (46) Grischuk,A (2766)-Mamedyarov,S (2808) Paris 2018}) 6... Ne7 7. Be2 Bg6 {LiveBook: 7 Games} 8. g4 {[#]} (8. f4 $11) 8... Nc8 $146 (8... h5 $1 $15 {[%mdl 512]}) ({Predecessor:} 8... c5 9. c3 Nc6 10. f4 h5 11. f5 exf5 12. g5 Be7 13. Nf3 cxd4 14. cxd4 {½-½ (25) Nestorovic,N (2421)-Georgiev,K (2662) Bar 2008}) 9. h4 {Hoping for h5.} h6 10. h5 Bh7 11. Qd2 a5 12. a4 Bb4 13. c3 Be7 14. Bd3 Bxd3 15. Qxd3 Ncb6 16. Nd2 c5 17. Ne2 Qc7 18. O-O Qc6 19. b3 c4 20. Qc2 cxb3 21. Qxb3 O-O 22. Rfb1 Rfc8 23. Qb5 Ra7 24. Ra2 Qxb5 25. Rxb5 Nc4 26. Nxc4 Rxc4 27. Rab2 b6 28. Ra2 Rac7 29. Bd2 R4c6 30. Kg2 f6 31. f4 Rc8 32. Rb3 Kh7 33. Ng1 fxe5 34. fxe5 g6 35. hxg6+ Kxg6 36. Nh3 Bg5 37. Nxg5 hxg5 38. Rb1 {Black should prevent Rh1.} Rh8 $1 39. Raa1 Rcc8 (39... Rh4 {feels hotter.} 40. Kg3 Rc4 41. Rf1 Rh8 42. Kg2 Rh4) 40. Rh1 Rxh1 41. Rxh1 $11 {[%mdl 4096] Endgame KRB-KRN} Rc4 42. Ra1 Rc8 43. Kg3 Rh8 44. Rc1 Rc8 45. Rh1 Nf8 46. Rh8 (46. Kf2 $14) 46... Kg7 47. Rh5 Nh7 ({Better is} 47... Rc4 $11) 48. Rh1 $14 Kg6 49. Rb1 Rc6 50. Kf3 Nf8 51. Ke2 Nd7 52. Kd3 Rc4 53. Ra1 Nf8 54. Kc2 Nd7 55. Be3 Nf8 56. Rf1 (56. Kb3 $142) 56... Nh7 (56... Nd7 $142) 57. Kb3 $16 Rc8 58. Bc1 Rb8 59. Ba3 b5 (59... Rb7 $16 {might work better.} 60. Bd6 b5) 60. axb5 $18 Rxb5+ 61. Ka4 Rb8 62. Rg1 Kg7 63. Kxa5 Ra8+ 64. Kb4 Nf8 {[#]} 65. Bc1 $1 Ra1 66. Be3 Rxg1 $2 (66... Ra6 67. Bxg5 Rb6+ 68. Ka3 Nh7) 67. Bxg1 {KB-KN} Ng6 68. Be3 Nf4 69. c4 Nd3+ 70. Kc3 dxc4 71. Kxc4 Nb2+ 72. Kb3 Nd3 73. Kc3 Ne1 74. Bxg5 Kg6 75. Bf4 Ng2 76. Bd2 Nh4 77. Kd3 Kf7 78. Ke4 Ng6 79. Bb4 Ke8 80. d5 exd5+ 81. Kxd5 Nf4+ 82. Kd6 Kf7 83. g5 Ng6 84. e6+ Ke8 85. Ba3 Kd8 86. Kd5 (86. e7+ $18 Nxe7 87. Ke6) 86... Ke8 87. Ke4 Nh4 {Precision: White = 73%, Black = 41%.} 1-0

[Event "Eurasia Open Cup 2018"]
[Site "Jekaterienburg"]
[Date "2018.08.10"]
[Round "9"]
[White "Fakhrutdinov, Timur"]
[Black "Inozemtsev, Sergei"]
[Result "1-0"]
[WhiteElo "2463"]
[BlackElo "2312"]
[Annotator "TA"]
[PlyCount "131"]
[EventDate "2018.08.01"]
[EventType "swiss"]
[EventCountry "RUS"]
[SourceTitle "playchess.com"]
[Source "ChessBase"]
[SourceQuality "1"]

{[%evp 15,131,31,49,0,33,2,8,0,34,31,39,39,65,43,65,54,79,71,83,85,74,67,134,135,169,74,147,143,160,167,123,133,160,89,75,46,104,124,124,107,102,112,95,87,87,87,94,0,155,161,146,77,92,73,81,81,101,82,77,77,77,77,100,93,97,106,103,104,100,82,98,92,98,59,59,59,59,68,68,68,84,84,84,70,70,70,87,70,75,32,29,0,24,12,27,0,0,0,0,0,491,519,602,591,465,447,1160,1159,1081,1048,1010,999,29977,29977,29977,29978,29978,29977]} 1. e4 e6 2. d4 d5 3. Nc3 Bb4 4. e5 b6 5. a3 Bxc3+ 6. bxc3 Ne7 {[%cal Bg8e7,Be7g6,Bg6h4][%mdl 32]} 7. Qg4 Kf8 8. Nh3 {C16: French: 3 Nc3 Bb4 4 e5: Lines without ...c5} (8. a4 Ba6 9. Bxa6 Nxa6 10. Qe2 Nb8 11. a5 Nbc6 12. axb6 cxb6 13. Nf3 Na5 14. O-O h6 15. Ba3 Kg8 {0-1 (43) Giri,A (2782)-Caruana,F (2816) Leuven 2018}) 8... Ng6 {LiveBook: 3 Games} 9. Qf3 $146 ({Predecessor:} 9. Bd3 Ba6 10. Ng5 Bxd3 11. cxd3 Kg8 12. O-O Nc6 13. h4 h5 14. Qf3 Qe8 15. g3 Nce7 {½-½ (28) Domogaev,S (2509)-Ibrahimov,R (2532) Bogoroditsk 2011}) 9... h6 10. Bd3 {White is slightly better.} Nh4 11. Qh5 {[#] Strongly threatening Ng5!} Kg8 ({Don't play} 11... Nxg2+ $6 12. Kd1 $16) 12. g3 $40 {[%mdl 128] White is up to no good.} Nf5 $1 13. Nf4 Ne7 14. Qe2 a5 15. Nh5 Ba6 16. Bxa6 Rxa6 17. O-O Ra8 18. g4 Qc8 (18... g6 $14 19. Nf6+ Kg7) 19. f4 $16 g6 20. Ng3 (20. Nf6+ $18 {and White stays clearly on top.} Kg7 21. f5) 20... Kf8 {[#]} (20... Rh7 $142) 21. f5 $1 {[%mdl 512]} Ke8 (21... exf5 22. gxf5) 22. fxe6 fxe6 23. a4 Qa6 24. Qe3 (24. Rf6 $142) 24... Nbc6 25. Ba3 Rh7 (25... Qc4 $14) 26. Rf6 Kd7 27. Ne2 g5 28. Ng3 Rah8 29. Nh5 Nd8 30. Qd3 Qc4 31. Raf1 (31. h3 $16) 31... Qxd3 $2 (31... Qxa4 $11 32. R6f2 Kc8) 32. cxd3 Kc8 33. Rf8 ({White should try} 33. R1f2) 33... Ng6 34. Rxh8 (34. R8f3 {keeps more tension.} Kb7 35. Rf6 Rg8 36. Kf2 c5 37. Rb1) 34... Rxh8 35. Rf6 Rg8 36. Kf2 c5 37. Ke3 cxd4+ 38. cxd4 Kb7 39. Rf1 Ka6 40. Rc1 Kb7 41. Bd6 {aiming for Rc7+.} Nc6 42. Rf1 Nd8 43. Rf2 Rh8 44. Rb2 {Bc5 is the strong threat.} Nc6 45. Bc5 Nb4 $1 46. Bxb4 axb4 47. Rxb4 $14 {[%mdl 4096] Endgame Threatens to win with a5. KRN-KRN} Ka6 48. Rb2 Rf8 49. Nf6 Rf7 50. Rc2 Nf4 51. Rc8 {And now Ra8+ would win.} Ka5 52. Ra8+ Kb4 53. Ra6 Rb7 54. Kd2 Kb3 55. a5 bxa5 56. Rxa5 Kb2 {White must now prevent ...Rb3.} 57. Nh5 {Hoping for Nxf4.} Nxh5 $2 {[%mdl 8192]} (57... Ng2 $1 $11) 58. gxh5 $11 {KR-KR} Rf7 {intending ...Rf2+.} 59. Rb5+ Ka3 60. Rb6 Rf2+ (60... Re7 $142 61. Rb8 Ka2) 61. Kc3 $18 {[%cal Rb6a6]} Ka4 62. Rxe6 Rxh2 63. Rxh6 Kb5 64. Rh8 {White mates.} g4 65. e6 Re2 66. h6 {Precision: White = 57%, Black = 53%.} 1-0

[Event "Eurasia Open Cup 2018"]
[Site "Jekaterienburg"]
[Date "2018.08.10"]
[Round "9"]
[White "Drygalov, Andrey"]
[Black "Shaposhnikov, Evgeny"]
[Result "1-0"]
[WhiteElo "2450"]
[BlackElo "2588"]
[Annotator "TA"]
[PlyCount "112"]
[EventDate "2018.08.01"]
[EventType "swiss"]
[EventCountry "RUS"]
[SourceTitle "playchess.com"]
[Source "ChessBase"]
[SourceQuality "1"]

{[%evp 25,112,-14,-24,-20,-13,0,43,40,69,60,68,63,71,59,89,16,17,17,28,0,4,0,0,0,20,0,0,0,0,20,107,118,217,193,259,254,302,291,354,341,468,468,468,459,430,274,250,200,193,190,364,281,278,264,394,391,402,400,364,378,343,324,379,363,872,875,838,720,2454,1593,6225,4939,29984,29985,29980,29964,29962,29963,29961,29962,29955,6225,29973,29974,29973,29975,12487,4714,29993]} 1. e4 {[%cal Be2e4,Be4e5][%mdl 32]} e6 2. d4 d5 3. Nc3 Nf6 4. e5 Nfd7 5. f4 c5 6. Nf3 Nc6 7. Be3 Qb6 8. Na4 Qa5+ 9. c3 b6 10. Bd2 c4 11. b4 Qa6 {C11: Französische Verteidigung} 12. g3 (12. Nb2 b5 13. a3 Qb7 14. Be2 Be7 15. O-O a5 16. Qe1 O-O 17. Rc1 f5 18. Nd1 Nb6 19. Ne3 {0-1 (70) Vidit,S (2718)-Duda,J (2737) Danzhou 2018}) 12... b5 13. Nc5 Qa3 $1 {LiveBook: 5 Partien. ...a5 ist eine echte Drohung.Die Stellung ist ausgeglichen.} 14. f5 Nxc5 15. bxc5 exf5 16. Bg2 Be6 17. O-O {[%mdl 1024] Weiss hat Kompensation.} Be7 18. Ne1 $1 g6 $146 ({Vorgänger:} 18... Rd8 19. Nc2 {0-1 (54) Hecht,C (2232)-Krassowizkij,J (2433) Schwaebisch Gmuend 2018}) 19. Nc2 Qa4 $1 20. Ne3 (20. a3 $16) 20... Qxd1 $11 21. Rfxd1 O-O-O $1 22. a4 b4 $1 23. Nxc4 $1 dxc4 24. Bxc6 b3 25. Be3 $36 {[%mdl 2048] Weiss kämpft um Vorteil.} Bd5 26. Bxd5 Rxd5 27. a5 Kd7 (27... f6 $11 {hält das Gleichgewicht.}) 28. Rdb1 Rb8 (28... Bxc5 $16 {war nötig.} 29. dxc5 Kc6) 29. Ra4 $18 Bd8 (29... f6 $142) 30. Rxc4 Bxa5 31. Kf2 Kc6 32. Ke2 Rd7 33. Kd3 Rb5 34. Ra4 Rxc5 35. Rxb3 Bb6 {beabsichtigt ...Txe5.} 36. Rc4 Rxc4 37. Kxc4 {[%mdl 4096] Endspiel KTL-KTL} Rc7 $2 (37... Rd8 38. Ra3 h5) 38. d5+ Kd7+ 39. Kd3 Bxe3 40. Kxe3 {KT-KT} a5 41. Kd4 a4 42. Ra3 Ra7 43. c4 {[%cal Bc3c4,Bc4c5,Bc5c6][%mdl 32]} g5 44. c5 f4 $2 (44... Kd8 45. h4 gxh4) 45. gxf4 gxf4 46. Ke4 Ra5 {[#]} 47. c6+ $1 Kc7 48. Rc3 a3 49. d6+ Kc8 50. Kxf4 Ra6 51. c7 Ra8 52. Rc1 a2 53. Ra1 Ra3 54. Kg5 Kd7 55. Kf6 Rf3+ 56. Kg7 {[#] Weiss will mit Tc1 Matt setzen.} Rf6 {Precision: Weiß = 82%, Schwarz = 34%.} 1-0